| 000 | 01297nam a22002655i 4500 | ||
|---|---|---|---|
| 001 | 154293 | ||
| 003 | ES-MaACL | ||
| 005 | 20251003185625.0 | ||
| 008 | 010510s1842 sp |||| | spa d | ||
| 040 |
_aCCPB | B _bspa _cCCPB | B |
||
| 080 | _a821.133.1-2"18" | ||
| 100 | 1 |
_aScribe, Eugène. _9104966 |
|
| 245 | 1 | 3 |
_aEl marido desleal o ¿Quién engaña a quién? _b: comedia en tres actos / _cescrita en francés por E. Scribe ; (arreglada al teatro español por I. Gil y C. Doncel). |
| 260 |
_aMadrid : _b[s.n., _c1842?] ( _fImprenta de D.F. Suarez) |
||
| 300 |
_a30 p. ; _c26 cm. |
||
| 490 | 1 |
_aMuseo dramático ó Colección de comedias del teatro estrangero, [sic] representadas en los principales de la corte ; _v1 |
|
| 594 | _aTítulo y autores tomados del principio del texto. | ||
| 596 | _aRepresentada por primera vez en Madrid en el Teatro del Príncipe el dia 10 de septiembre de 1842. | ||
| 700 | 1 |
_aGil y Baus, Isidoro, _d1814-1866 _956736 |
|
| 740 | 1 | _a¿Quién engaña a quién? | |
| 830 | 0 | 0 |
_aMuseo dramático ó Colección de comedias del teatro estranjero representadas en los principales teatros de la corte _v1 _9242030 |
| 852 |
_aES-MaACL _jF-7488(14) _z-- Enc. hol. _z-- Enc. en un vol. facticio |
||
| 999 |
_c154293 _d154293 |
||